| 000 | 01086nam a22002417a 4500 | ||
|---|---|---|---|
| 001 | 2446 | ||
| 003 | FISKH | ||
| 005 | 20231211092408.0 | ||
| 008 | 231208b cb ||||| |||| 00| 0 eng d | ||
| 020 | _a9789388369039 | ||
| 040 |
_aFISKH _beng _cFISKH _dFISKH |
||
| 082 | _a909 | ||
| 100 | _aAnonymous | ||
| 245 |
_aWorld's greatest writers / _cWonder House |
||
| 260 |
_aUttar Pradesh : _bWonder House, _c2023. |
||
| 300 |
_a160 pages : _billustrations ; _c20 cm |
||
| 520 | _aA meticulously researched book, which celebrates the achievements of prolific and influential writers who have inspired generations with their novels, poems, stories, plays and essays. Age appropriate content, fun facts and bold illustrations will appeal to the curiosity of young inquisitive minds and help them develop their reading skills and General Knowledge. | ||
| 650 |
_aBiographies _vJuvenile Literature |
||
| 650 |
_aInspirational Personalities _vJuvenile Literature |
||
| 650 |
_aWorld history _vJuvenile Literature |
||
| 650 |
_aWriters _vJuvenile Literature |
||
| 942 |
_2ddc _cBK _n0 |
||
| 999 |
_c2446 _d2446 |
||